00582nam a2200169 a 450000100100000000500170001000800410002704000250006808200190009324501080011226000300022030000420025050000420029265000290033465000320036399900170039500002079820200930011152.0100817s1962 fr abc 000 0 spa d aDO-SdBNPbspacBPJMB a333.7924bE56n03aLa energía nuclear en Gran Bretaña /ceditado por Reference Division Central Office of Information. aLondres :b[s.n.],c1962. a100 p. :bil., retrs, mapas ;c24 cm. aIncluye notas al pie de las páginas 4aEnergía nuclear934594 4aFuentes de energía943589 c20302d20302